[Event "Reunion op 17th"]
[Site "St Denis"]
[Date "2015.10.10"]
[Round "7"]
[White "Romain, Arnaud"]
[Black "Goorsahye, Antoine"]
[Result "1-0"]
[WhiteElo "1575"]
[BlackElo "1741"]
[PlyCount "53"]
[EventDate "2015.10.10"]
[EventType "swiss"]
[EventRounds "9"]
[EventCountry "RUF"]
[SourceTitle "CBM 168 Extra"]
[Source "ChessBase"]
[SourceDate "2015.10.29"]
[SourceVersion "1"]
[SourceVersionDate "2015.10.29"]
[SourceQuality "1"]

1. d4 Nf6 2. f4 d5 3. e3 Bg4 4. Nf3 e6 5. Bd3 Be7 6. 0-0 0-0 7. Qe1 Bxf3 8. Rxf3 c5 9. c3 Nc6 10. Nd2 Rc8 11. Rh3 Re8 12. Nf3 Ne4 13. Bd2 a6 14. Qe2 g6 15. Be1 b5 16. Bh4 Bxh4 17. Rxh4 f6 18. g4 c4 19. Bc2 b4 20. Qe1 bxc3 21. bxc3 Qa5 22. Bxe4 dxe4 23. Nd2 Qd5 24. Qf1 Ne7 25. Qh3 g5 26. Rxh7 Ng6 27. Qh6 1-0

[Event "Reunion op 16th"]
[Site "St Denis"]
[Date "2014.10.23"]
[Round "6"]
[White "Romain, Arnaud"]
[Black "Etheve, Loic"]
[Result "1-0"]
[WhiteElo "1582"]
[BlackElo "1399"]
[PlyCount "103"]
[EventDate "2014.10.18"]
[EventType "swiss"]
[EventRounds "9"]
[EventCountry "RUF"]
[SourceTitle "EXT 2015"]
[Source "ChessBase"]
[SourceDate "2014.11.20"]
[SourceVersion "1"]
[SourceVersionDate "2014.11.20"]
[SourceQuality "1"]

1. d4 c5 2. d5 Qa5+ 3. Qd2 Qxd2+ 4. Bxd2 Nf6 5. c4 g6 6. Nc3 Bg7 7. Nf3 a6 8. Rb1 0-0 9. e4 Ng4 10. h3 Ne5 11. Nxe5 Bxe5 12. f4 Bd4 13. Ne2 e5 14. dxe6 dxe6 15. Nxd4 cxd4 16. Bd3 Nc6 17. e5 f6 18. exf6 e5 19. 0-0 Rxf6 20. fxe5 Rxf1+ 21. Rxf1 Nxe5 22. Be4 Nxc4 23. Bd5+ Kg7 24. Bxc4 Bf5 25. g4 Bc2 26. Rf7+ Kh8 27. Rxb7 Re8 28. Kf2 Rf8+ 29. Rf7 Kg8 30. Rf3+ Kg7 31. Bh6+ Kxh6 32. Rxf8 d3 33. Rd8 a5 34. Bxd3 Bd1 35. Bxg6 Bxg4 36. hxg4 hxg6 37. Ra8 Kg5 38. Kg3 a4 39. Rxa4 Kh6 40. Kf4 Kg7 41. Kg5 Kf7 42. Ra6 Ke7 43. Kxg6 Kf8 44. Ra7 Ke8 45. Kf6 Kd8 46. Ke6 Kc8 47. Kd6 Kb8 48. Rh7 Kc8 49. Rf7 Kb8 50. Kc6 Ka8 51. Kb6 Kb8 52. Rf8# 1-0

[Event "Reunion op 14th"]
[Site "St Denis"]
[Date "2012.10.12"]
[Round "8"]
[White "Chan Faye, Yoann"]
[Black "Romain, Arnaud"]
[Result "0-1"]
[WhiteElo "1532"]
[BlackElo "1660"]
[PlyCount "134"]
[EventDate "2012.10.06"]
[EventType "swiss"]
[EventRounds "9"]
[EventCountry "RUF"]
[SourceTitle "EXT 2013"]
[Source "ChessBase"]
[SourceDate "2012.11.22"]
[SourceVersion "1"]
[SourceVersionDate "2012.11.22"]
[SourceQuality "1"]

1. e4 e5 2. Nf3 Nc6 3. d4 exd4 4. Bc4 Qe7 5. 0-0 d6 6. Re1 Bg4 7. Qd3 Bxf3 8. Qxf3 Ne5 9. Qb3 Nxc4 10. Qxc4 h6 11. Qxd4 Qe5 12. Qa4+ c6 13. f4 Qb5 14. Qxb5 cxb5 15. Nc3 a6 16. Nd5 Rc8 17. c3 Ne7 18. Ne3 Nc6 19. Nf5 g6 20. Nd4 Bg7 21. Nf3 0-0 22. Be3 Rfe8 23. Bd4 Nxd4 24. Nxd4 b4 25. Rad1 bxc3 26. bxc3 Rxc3 27. Nf3 Rc4 28. e5 dxe5 29. fxe5 Rc5 30. Rd7 Bxe5 31. Rxe5 Rcxe5 32. Nxe5 Rxe5 33. Rxb7 Ra5 34. Rb2 f5 35. Kf2 Kf7 36. Re2 Kf6 37. Ke3 Re5+ 38. Kd3 Rxe2 39. Kxe2 Ke5 40. Ke3 g5 41. h3 h5 42. g3 a5 43. a4 Kd5 44. Kd3 Kc5 45. h4 gxh4 46. gxh4 Kb4 47. Ke3 Kxa4 48. Kf4 Kb3 49. Kxf5 a4 50. Kg5 a3 51. Kxh5 a2 52. Kg6 a1Q 53. h5 Qh8 54. h6 Kc4 55. h7 Kd5 56. Kh6 Ke6 57. Kg6 Ke7 58. Kh6 Kf7 59. Kg5 Qxh7 60. Kg4 Qe4+ 61. Kg3 Qf5 62. Kg2 Ke6 63. Kg3 Ke5 64. Kg2 Ke4 65. Kg3 Qf8 66. Kg2 Ke3 67. Kg1 Ke2 0-1